| 000 | 00842nmm a2200289 a 4500 | ||
|---|---|---|---|
| 003 | AR-BaBNM | ||
| 005 | 20251128211708.0 | ||
| 008 | 015020s2005 ||||||||||||||000 | spa|| | ||
| 020 | _a987-22361-0-0 | ||
| 040 | _cAR-BaBNM | ||
| 245 | 1 | 0 |
_aTeatro por la identidad _bobras de teatro de los ciclos 2002 y 2004 |
| 246 | 1 | _aTeatro x la identidad | |
| 250 | _a1ª ed. | ||
| 260 |
_aBuenos Aires _bAbuelas de Plaza de Mayo _bMinisterio de Educación, Ciencia y Tecnología _c2005 |
||
| 300 | 0 | _a507 p. | |
| 585 | _aExpuesto en: Feria del Libro 2006 | ||
| 610 | 1 | 4 | _aAbuelas de Plaza de Mayo |
| 650 | 4 | _aANTOLOGIAS | |
| 650 | 4 | _aDERECHOS HUMANOS | |
| 650 | 4 | _aIDENTIDAD | |
| 650 | 4 | _aDESAPARICION DE PERSONAS | |
| 650 | 4 | _aLITERATURA ARGENTINA | |
| 650 | 4 | _aTEATRO | |
| 655 | _aLITERATURA | ||
| 942 | _cBK | ||
| 998 | _cme-calidad | ||
| 999 |
_c20754 _d20754 |
||